000 00791cam a2200229 a 4500
001 000005766
005 20200929151757.0
008 880702s1986 uy 001 0 spa
040 _aDO-SdBNP
_cDLC
_dDLC
082 _aU861.3
_bA284a
100 1 _aAgustini, Delmira,
_d1886-1914
_915513
245 1 0 _aAntología /
_cDelmira Agustini ; prólogo, Esther de Cáceres.
260 _aMontevideo :
_bMinisterio de Educación y Cultura,
_c1986.
300 _axlv, 65 p. ;
_c20 cm.
490 1 _aBiblioteca Artigas
490 1 _aClásicos uruguayos
_v69
650 4 _aPoesía uruguaya
_93846
650 4 _aLiteratura uruguaya
_93054
700 1 _aCáceres, Esther de,
_epról.
_916329
830 0 _aBiblioteca Artigas.
_pclásicos uruguayos ;
_vv. 69.
_916286
910 _aCatalogación por copia / LC
999 _c5562
_d5562